Quizzes
Events
Quiz Creation
Community
Videos
Private Events
Remove Ads
Sign In
Join for FREE
Feedback
Dark Mode
Quiz Categories
Sports
Geography
Music
Movies
Television
Just For Fun
Miscellaneous
History
Literature
Language
Science
Gaming
Entertainment
Religion
Holiday
For Kids
Quiz Lab
Recent
Popular Today
Quiz Kudos Today
Editor Picks
Curator Picks
Quizzes by...
Day
Popularity
Type
Ratings
Length
Year
Community
Subscriptions
Recent Discussions
Orange Saloon
Badges
Playlists
Quests
Create
Leaderboards
Showdown
Live 5
Trivia Bingo
Activity
Puzzle Library
Sporcle Events
Private Events
Virtual Trivia
Globe League
Become a Host
Pub Owners
SporcleCon
Opinionation
Our Games
Videos
Blog
Mobile Apps
Partnerships
Remove Ads and Go Orange
Feedback
Gaming
Video Games
Board Games
Card Games
Pokémon
Mario
Nintendo
Minecraft
Console
Toys
Legend of Zelda
Gaming
Video Games
Board Games
Card Games
Pokémon
Mario
Nintendo
Minecraft
Console
Toys
Legend of Zelda
Random Quiz
Search Sporcle
×
Quiz Lab
Quiz Lab
Gaming
War
Type in answers that appear in a list
Type in answers that appear in a list
Classic
Best Score? Go Orange.
Playstation All-Stars Battle Royale Super Moves Stats
Can you name the character that uses these super moves in Playstation All-Stars Battle Royale?
By
GeneralSecura
15m
73 Questions
150 Plays
150 Plays
150 Plays
Comments
Comments
Give Quiz Kudos
Give Quiz Kudos
-
- Ratings
hide this ad
Forced Order
Answers have to be entered in order
Answers have to be entered in order
Replay
Link that replays current quiz
Next Quiz
Link to next quiz in quiz playlist
You Got
0%
They Got
Avg Score
76%
Avg Friend Score
Upgrade to see
Score Distribution
Jump to the score distribution portion of the page
Score
0/73
Timer
15:00
0
Plays Today
Super Level
Character
% Correct
Level 1
Fat Princess
87.3%
Level 1
Spike
87.3%
Level 1
Zeus
87.3%
Level 1
Kratos
86.7%
Level 1
Colonel Radec
86.7%
Level 1
Toro
85.3%
Level 1
Big Daddy
85.3%
Level 1
Cole & Evil Cole
85.3%
Level 2
Sly Cooper
85.3%
Level 3
Parappa
84.7%
Level 1
Kat
84%
Level 2
Jak & Daxter
84%
Level 2
Toro
83.3%
Level 3
Fat Princess
83.3%
Level 3
Zeus
83.3%
Level 1
Jak & Daxter
82.7%
Level 1
Sackboy
82.7%
Level 2
Ratchet & Clank
82.7%
Level 3
Jak & Daxter
82.7%
Level 3
Sly Cooper
82.7%
Level 3
Toro
82.7%
Level 2
Parappa
82%
Level 3
Sweet Tooth
81.3%
Level 3
Kratos
81.3%
Level 3
Isaac Clarke
81%
Level 2
Fat Princess
80.7%
Level 2
Cole
80%
Level 3
Big Daddy
80%
Level 1
Sly Cooper
79.3%
Level 1
Ratchet & Clank
79.3%
Level 3
Sackboy
79.3%
Level 1
Nathan Drake
78.7%
Level 3
Kat
78.7%
Level 3
Cole
78.7%
Level 3
Dante
78.7%
Level 1
Sweet Tooth
78%
Level 1
Parappa
78%
Super Level
Character
% Correct
Level 2
Kat
77.3%
Level 3
Evil Cole
77.3%
Level 2
Evil Cole
76.7%
Level 3
Colonel Radec
76.7%
Level 3
Nariko
76.7%
Level 3
Sir Daniel
76%
Level 3
Nathan Drake
76%
Level 3
Raiden
76%
Level 1
Isaac Clarke
75.4%
Level 1
Dante
75.3%
Level 1
Sir Daniel
75.3%
Level 2
Colonel Radec
75.3%
Level 2
Heihachi
75.3%
Level 1
Emmett Graves
75.3%
Level 1
Heihachi
74.7%
Level 2
Nathan Drake
74.7%
Level 2
Sweet Tooth
74.7%
Level 3
Heihachi
74.7%
Level 3
Ratchet & Clank
74.7%
Level 2
Sir Daniel
74%
Level 2
Isaac Clarke
73%
Level 2
Zeus
73%
Level 2
Raiden
72.7%
Level 3
Emmett Graves
72.7%
Level 3
Spike
72.7%
Level 1
Raiden
72%
Level 2
Kratos
72%
Level 1
Nariko
71.3%
Level 2
Sackboy
70.7%
Level 2
Big Daddy
70.7%
Level 2
Dante
70%
Level 2
Nariko
69.3%
Level 2
Emmett Graves
68%
Level 1
Emmett Graves
68%
Level 1
Emmett Graves
66%
Level 2
Spike
66%
Quiz Playlist
Details
Report
Send in Message
Add To Playlist
Classic:
Type in answers that appear in a list
Forced Order:
Answers have to be entered in order
Last Updated: Feb 16, 2017
Quiz Scoreboard
CHALLENGE
Sign Up to Join the Scoreboard
Show All
Scores
Hide
Comments
May contain spoilers
Recently Published
Pick 6: Fruits
by JohnFran
Miscellaneous
15s
Click the 1999 NBA Draft
by nibperrychub
Sports
2m
Alphabetical 'K' Countries by Flag Minefield
by ylime102
Geography
3m
More to Explore
Quiz From the Vault
Featured Blog Post
15 Basketball Trivia Facts You Can Be March Mad About
hide this ad
You Might Also Like...
Tags
War Quiz
All-Star
battle
Battle Royale
Character
Level
Playstation
Royale
Today's Top Quizzes in Gaming
Browse Gaming
hide this ad
Today's Top Quizzes in War
Browse War
Top Contributed Quizzes in Gaming
1
Pokémon Gen IV Logic Puzzle (HARD)
2
HARD Pokemon Logic Puzzle
3
Honkai: Star Rail Technique Names Quiz
4
Order Genshin Impact characters by release date!
5
Kingdom Hearts Logic Puzzle
6
Genshin Impact Logic Puzzle Quiz
7
Danganronpa 1 Logic Puzzle
8
Pokémon Logic Puzzle (DIFFICULT)
9
Danganronpa Sorting Blitz
10
Stardew Valley Logic Puzzle
Explore More
Trending Topics
Crossword
NBA
Anime
Kpop
Disney
Marvel
Harry Potter
Pokémon
Country
NFL
Soccer
The Office
WWE
Puzzle
Song
hide this ad
More By:
GeneralSecura
Quiz
Plays
Rating
Category
Featured
Created
Ben 10 Alien Species Match
5,941
4.71
Television
Feb 4, 2013
Marvel VS Capcom Characters
4,332
4.73
Gaming
Aug 22, 2011
Pokémon Characters
2,641
4.25
Gaming
Sep 30, 2013
Pokémon of Gym Leaders (Stadium Edition)
2,071
4.71
Gaming
Nov 1, 2011
Name that Digimon
1,804
3.00
Gaming
Mar 19, 2019
Go to Creator's Profile
Score Distribution
Quiz Creator Spotlight
GeneralSecura
Follow
Send a Message
Quizzes Created
-
Created Quiz Play Count
-
More By This Creator
Popular Quizzes Today
1
Find the US States - No Outlines Minefield
2
Countries of Asia Without Outlines Minefield
3
Pick 6: Fruits
4
Alphabetical 'K' Countries by Flag Minefield
5
The Countries of the World
6
Find the US States
7
Match the Book to the Film X
8
US States
More Gaming Quizzes
Fortnite Season 7 Map (Advanced)
Quiz Lab
Trending Quizzes
Pick 6: Mountains
Pick 6: Harry Potter
Pick 6: NFL Teams
Pick 6: Movie Franchises
Pick 6: Golfers
Recently Updated
NWSL Teams
pecheneg
Women's Final Four Teams by Year
bhenderson79
Presidents Quartet II
eogle
Anything But Clue(do)
eogle
Anything But Oceanian Capitals
eogle
Anything But 7
eogle
Anything But Thing
eogle
Word Ladder: February 29
pecheneg
Song Title Questions
pecheneg
Women's NCAA Tournament #1 Seeds
pecheneg
Trending Topics
Harry Potter
Crossword
Kpop
NBA
Disney
Anime
Marvel
Soccer
Puzzle
Country
Pokémon
WWE
Song
NFL
The Office
Your Account Isn't Verified!
In order to create a playlist on Sporcle, you need to verify the email address you used during registration. Go to your
Sporcle Settings
to finish the process.
Report this User
Report this user for behavior that violates our
Community Guidelines
.
Details:
Send Report
Go to the Sporcle.com Mobile Site →
Comments